000 00598nam a22001817a 4500
999 _c8285
_d8285
008 201105b ||||| |||| 00| 0 eng d
040 _aBMS College of Architecture
100 _aPrassad, Pragathi S
245 _aRecreating a greener pedestrian
300 _a46p.
502 _8M.Arch (Habitat Design)
_NBMS College of Architecture, Visvesvaraya Technological University (VTU)
_aDissertation
_d2019
650 _agreener pedestrian
700 _aMamatha P Raj
_eGuide
700 _aRachana D R
_eGuide
700 _aPooja S
_eGuide
700 _aSadashiv Chadravarthy
_eGuide
942 _2ddc
_cTHE